Estatísticas para Capitais mundiais mais próximas de Singapura

Clique aqui para jogar o quiz

Estatísticas Gerais

  • Esse quiz foi jogado 12 vezes
  • A pontuação média é 9 de 20

Estatísticas das Respostas

kmcapital% Correto
902Jakarta
100%
4465Pequim
89%
2198Hanói
67%
1296Bandar Seri Begawan
56%
1426Banguecoque
56%
2652Díli
56%
309Kuala Lumpur
56%
4142Nova Deli
56%
3250Taipé
56%
2720Colombo
44%
2881Daca
44%
3380Malé
44%
2210Naypyidaw
44%
2391Manila
33%
3274Thimbu
33%
3530Catmandu
22%
4813Islamabad
22%
1142Phnom Penh
22%
1855Vientiane
22%
3481Ngerulmud
11%

Distribuição das Pontuações

Percentil de Números Respondidos

Porcentagem de Pessoas com Cada Pontuação

Sua Pontuação Histórica

Você não jogou esse quiz